00591nam a2200181Ia 4500020001800000082002000018245005800038260002800096440004300124500010300167504001900270650001000289650002800299650000800327650002800335650002100363700002500384 a0-415-33922-7 aRR 327.172 PEA- 0aPeace studies: critical concepts in political science aLondonbRoutledgec2005 aCritical concepts in political science acontents: 4 Vols. Vol1. (xvii, 432p.) - v.2. (viii, 395p.) - v.3. (ix, 518P.) - v.4. (viii, 440p.) aincludes index aPeace aInternational relations aWar aSecurity, International aEthnic relations aEvangelista, Matthew